| 000 | 01084cam a2200301 4500 | ||
|---|---|---|---|
| 999 |
_c20864 _d20864 |
||
| 001 | 2182114 | ||
| 003 | OSt | ||
| 005 | 20211203130340.0 | ||
| 008 | 710907s1971 enk b 001 0 eng | ||
| 010 | _a 70161291 | ||
| 015 | _aB*** | ||
| 020 | _a052156647 | ||
| 040 |
_aDLC _cDLC _dDLC |
||
| 050 | 0 | 0 |
_aHM19 _b.G53 |
| 082 | 0 | 0 |
_a301.045 _bGID/C |
| 100 | 1 |
_aGiddens, Anthony _98935 |
|
| 245 | 1 | 0 |
_aCapitalism and modern social theory; _ban analysis of the writings of Marx, Durkheim and Max Weber. |
| 260 |
_aCambridge [Eng.] _bUniversity Press, _c1971. |
||
| 300 |
_axvii, 261 p. _c24 cm. |
||
| 504 | _aBibliography: p. 248-254. | ||
| 600 | 1 | 0 |
_aMarx, Karl, _d1818-1883 _98936 |
| 600 | 1 | 0 |
_aDurkheim, Émile, _d1858-1917. |
| 600 | 1 | 0 |
_aWeber, Max, _d1864-1920. |
| 856 | 4 | 2 |
_3Publisher description _uhttp://www.loc.gov/catdir/description/cam032/70161291.html |
| 856 | 4 | 1 |
_3Table of contents _uhttp://www.loc.gov/catdir/toc/cam032/70161291.html |
| 906 |
_a7 _bcbc _corignew _d2 _encip _f19 _gy-gencatlg |
||
| 942 |
_2ddc _cBK _h301.045 _iGID/C _k301.045 _mGID/C |
||